000 00610nam a2200229Ia 4500
003 OSt
005 20220923230310.0
006 a|||||r|||| 00| 0
007 ta
008 Pun
024 _a279,210
037 _cTextual
040 _aARTS
_cARTS
_bPun
041 _2Pun
_aPun
082 _aO153,1N363x, M0
100 _aਜੋF, ਦੇਵਿੰਦਰ
_9168959
245 0 _aਹਾFੀਏ ਤੋ੍ਵ ਬਿਨਾਂ
260 _c1980
650 _aਪੰਜਾਬੀ ਸਾਹਿਤ
942 _hO153,1N363x, M0
_cTEXL
_2CC
999 _c383757
_d383757